Most Central European Capital Cities - Statistics

General Stats
  • This quiz has been taken 308 times
  • The average score is 13 of 16
Answer Stats
Capital City % Correct
Vienna
97%
Berlin
96%
Bern
93%
Prague
93%
Warsaw
92%
Budapest
91%
Bratislava
86%
Zagreb
86%
Ljubljana
82%
Belgrade
80%
Sarajevo
78%
Vaduz
78%
San Marino
66%
Sofia
59%
Monaco
56%
Priština
56%
No matching quizzes found
Score Distribution
Percent of People with Each Score
Percentile by Number Answered
Your Score History
You have not taken this quiz